[Event "Skalica op-B"]
[Site "Skalica"]
[Date "2023.08.27"]
[Round "9"]
[White "Benci, Rudolf"]
[Black "Zemek, Antonin"]
[Result "0-1"]
[WhiteElo "1560"]
[BlackElo "1666"]
[PlyCount "110"]
[EventDate "2023.08.19"]
[EventType "swiss"]
[EventRounds "9"]
[EventCountry "SVK"]
[SourceTitle "CBM 215 Extra"]
[Source "ChessBase"]
[SourceDate "2023.09.30"]
[SourceVersion "1"]
[SourceVersionDate "2023.09.30"]
[SourceQuality "1"]

1. e4 e6 2. b3 d5 3. Bb2 Nf6 4. Nc3 c5 5. Qe2 d4 6. Nb1 e5 7. Nf3 Nc6 8. g3 Bg4 9. Bg2 Bd6 10. d3 Nd7 11. Nbd2 b5 12. a3 f6 13. 0-0 0-0 14. h3 Bh5 15. g4 Bf7 16. Nh4 g6 17. Ndf3 h6 18. Bc1 Kg7 19. Bh1 Ne7 20. Ng2 g5 21. Bd2 Rh8 22. h4 Ng6 23. h5 Nf4 24. Nxf4 exf4 25. b4 Ne5 26. bxc5 Bxc5 27. Rfb1 Qd7 28. Nxe5 fxe5 29. f3 Rhc8 30. Bg2 a5 31. Bf1 Be7 32. Rb2 Rcb8 33. Qe1 a4 34. Be2 Bc5 35. Kg2 Qe7 36. Qb1 Be8 37. Bb4 Rc8 38. Bd1 Bd7 39. Kf1 Ra6 40. Ke2 Rac6 41. Qa2 Be6 42. Qb1 Bd7 43. Qa2 Qd6 44. Rab1 Be6 45. Qa1 Qd7 46. Bd2 Bxg4 47. Rxb5 Bxf3+ 48. Kxf3 Qh3+ 49. Kf2 Qg3+ 50. Kf1 f3 51. Rb7+ Kh8 52. Bxf3 Rf6 53. Rh7+ Kxh7 54. Rb7+ Kh8 55. Qe1 Rxf3+ 0-1

[Event "Skalica op-B"]
[Site "Skalica"]
[Date "2023.08.21"]
[Round "3"]
[White "Ciglian, Michal"]
[Black "Benci, Rudolf"]
[Result "1-0"]
[WhiteElo "1698"]
[BlackElo "1560"]
[PlyCount "103"]
[EventDate "2023.08.19"]
[EventType "swiss"]
[EventRounds "9"]
[EventCountry "SVK"]
[SourceTitle "CBM 215 Extra"]
[Source "ChessBase"]
[SourceDate "2023.09.30"]
[SourceVersion "1"]
[SourceVersionDate "2023.09.30"]
[SourceQuality "1"]

1. c4 c5 2. Nc3 Nc6 3. Nf3 g6 4. g3 Bg7 5. Bg2 d6 6. 0-0 h5 7. d3 Nh6 8. Bd2 Nf5 9. e4 Nfd4 10. Nxd4 Nxd4 11. h4 Bg4 12. f3 Bd7 13. Rb1 a5 14. a4 0-0 15. Nb5 Bxb5 16. axb5 a4 17. Bc3 a3 18. f4 axb2 19. Bxb2 e5 20. f5 Ra2 21. Rf2 Qa5 22. Bc3 Qa4 23. Rxa2 Qxa2 24. Ra1 Qb3 25. Qxb3 Nxb3 26. Ra3 Nd4 27. Bxd4 cxd4 28. Bh3 Bh6 29. Kf2 g5 30. Bf1 g4 31. Be2 Rb8 32. b6 Bd2 33. Bd1 Bb4 34. Ra7 Bc5 35. Ra5 Bxb6 36. Rb5 Bc5 37. Rb2 Kf8 38. Ra2 Ke7 39. Ba4 Kd8 40. Bb5 Kc7 41. Ke2 Kb6 42. Ra4 Kc7 43. Ra2 Bb4 44. Ra4 Bc3 45. Ra2 Kb6 46. Ra4 Kc5 47. Kd1 Kb6 48. Ke2 Rh8 49. Kd1 Ba5 50. Ra2 Rh6 51. Rb2 Kc5 52. Be8 1-0

[Event "Skalica op-B"]
[Site "Skalica"]
[Date "2021.08.21"]
[Round "1"]
[White "Benci, Rudolf"]
[Black "Zemek, Antonin"]
[Result "0-1"]
[WhiteElo "1618"]
[BlackElo "1306"]
[PlyCount "40"]
[EventDate "2021.08.21"]
[EventType "swiss"]
[EventRounds "9"]
[EventCountry "SVK"]
[SourceTitle "CBM 204 Extra"]
[Source "ChessBase"]
[SourceDate "2021.11.30"]
[SourceVersion "1"]
[SourceVersionDate "2021.11.30"]
[SourceQuality "1"]

1. d4 d5 2. Bf4 Nf6 3. e3 Bf5 4. Nd2 e6 5. c3 c5 6. Ngf3 Nc6 7. Qb3 Qd7 8. Ne5 Nxe5 9. dxe5 c4 10. Nxc4 dxc4 11. Bxc4 a6 12. exf6 gxf6 13. Rd1 Qc6 14. Rg1 Rg8 15. Bg3 h5 16. h4 Be4 17. Kf1 Bc5 18. Ke2 Bxg2 19. Rd2 Rxg3 20. Kd1 Bf3+ 0-1

[Event "Skalica Schaeffler op"]
[Site "Skalica"]
[Date "2020.08.25"]
[Round "4"]
[White "Rosol, Philip"]
[Black "Benci, Rudolf"]
[Result "1-0"]
[WhiteElo "1468"]
[BlackElo "1638"]
[PlyCount "101"]
[EventDate "2020.08.23"]
[EventType "swiss"]
[EventRounds "9"]
[EventCountry "SVK"]
[SourceTitle "CBM 198 Extra"]
[Source "ChessBase"]
[SourceDate "2020.11.30"]
[SourceVersion "1"]
[SourceVersionDate "2020.11.30"]
[SourceQuality "1"]

1. d4 d5 2. Bf4 Nf6 3. e3 Bf5 4. Bd3 Bxd3 5. cxd3 e6 6. Nd2 Nbd7 7. Qb3 b6 8. Ngf3 c5 9. Bg3 Be7 10. 0-0 0-0 11. Rac1 Nh5 12. Rfd1 Nxg3 13. hxg3 Rc8 14. Nb1 Nf6 15. Na3 Ng4 16. Qa4 Ra8 17. dxc5 f5 18. c6 a6 19. c7 Qc8 20. Qc6 b5 21. Nc2 Bf6 22. Ncd4 Re8 23. Qd6 Ra7 24. Nxe6 Bxb2 25. Rc2 Ba3 26. Qxd5 Nf6 27. Qxf5 Bd6 28. Ned4 Qxf5 29. Nxf5 Bxc7 30. Rdc1 Bb6 31. Nd6 Rd8 32. Rc8 Rad7 33. Rxd8+ Bxd8 34. Rc6 Be7 35. Ne4 Rxd3 36. Nxf6+ Bxf6 37. Rxa6 Rd1+ 38. Kh2 Ra1 39. g4 b4 40. Ra4 b3 41. axb3 Rb1 42. Rb4 Rb2 43. Kg3 Be7 44. Rb6 g5 45. Nd4 Bc5 46. Rb8+ Kf7 47. Rb7+ Kg6 48. Nf5 h5 49. gxh5+ Kxh5 50. Rb5 Ba7 51. Ne7 1-0

[Event "SVK-chT4 A21 1920"]
[Site "Slovakia"]
[Date "2020.03.08"]
[Round "10.1"]
[White "Benci, Rudolf"]
[Black "Slaba, Andrea"]
[Result "0-1"]
[WhiteElo "1636"]
[BlackElo "1972"]
[PlyCount "76"]
[EventDate "2019.10.13"]
[EventType "team-tourn"]
[EventRounds "11"]
[EventCountry "SVK"]
[SourceTitle "CBM 195 Extra"]
[Source "ChessBase"]
[SourceDate "2020.05.31"]
[SourceVersion "1"]
[SourceVersionDate "2020.05.31"]
[SourceQuality "1"]
[WhiteTeam "Senica CVC II"]
[BlackTeam "Chtelnica Kamenar"]
[WhiteTeamCountry "SVK"]
[BlackTeamCountry "SVK"]

1. d4 Nf6 2. Bf4 g6 3. Nc3 Bg7 4. e4 0-0 5. Qd2 d6 6. 0-0-0 c6 7. f3 b5 8. Bh6 b4 9. Nce2 a5 10. Bxg7 Kxg7 11. Kb1 Ba6 12. g4 Nbd7 13. h4 e5 14. h5 Qe7 15. hxg6 fxg6 16. Nh3 Nb6 17. Ng3 Bxf1 18. Rdxf1 Kg8 19. Qg5 Qg7 20. dxe5 dxe5 21. Qxe5 Rae8 22. Qd4 Qc7 23. Ne2 c5 24. Qe3 a4 25. Qh6 a3 26. Nhf4 Qe5 27. Nd3 Qe7 28. Nef4 c4 29. Nxg6 hxg6 30. g5 cxd3 31. gxf6 dxc2+ 32. Kxc2 Qc5+ 33. Kb1 Kf7 34. Qg7+ Ke6 35. Qxg6 Rd8 36. Rh6 Qe5 37. Qg4+ Kd6 38. Rf2 Kc7 0-1